000 00445nab a2200145 4500
003 ES-SlBCS
005 20210327231241.0
008 160706s2016 sp ||||| |||| 00| 0 spa d
040 _aES-SlBCS
_bspa
100 1 _aMartín, Mar
_9254389
245 1 0 _aPIE
_b: pensamiento de innovación educativa
_cMar Martín
650 0 0 _aInnovación Educativa
_9123931
773 0 _gNº 258, 2016, págs. 18-39
_tEducadores
_wRev370
_x0013-1113
942 _2lcc
_cAR
999 _c858069
_d858069